banner-ar

مفهوم الاحزاب الديمقراطية وواقع الاحزاب فى البلدان العربية / (Record no. 59869)

MARC details
000 -الفاتح
حقل البيانات ثابتة الطول 01514nam a2200313 4500
005 - وقت وتاريخ اخر تعامل مع التسجيلة
رقم الضبط 20240530110340.0
008 - عناصر البيانات ثابتة الطول - معلومات عامة
حقل البيانات ثابتة الطول 141109s2011 le gr 001 0 ara d
020 ## - الرقم الدولى المعيارى للكتب
الرقم الدولى المعيارى للكتاب 9789953824567
040 ## - مصدر الفهرسة
وكالة الفهرسة الأصلية EG-CaGPL
082 04 - رقم تصنيف ديوى العشرى
رقم الطبعة 21
رقم التصنيف 324.256\
رقم المادة ب م
245 1# - بيان العنوان
العنوان مفهوم الاحزاب الديمقراطية وواقع الاحزاب فى البلدان العربية /
بيان المسئوليه,etc بوحنية قوى ... [ واخ . ] ؛ تنسيق وتحرير على خليفة الكوارى ، عاطف السعداوى
250 ## - بيان الطبعة
بيان الطبعة ط 1
260 ## - PUBLICATION, DISTRIBUTION, ETC. (IMPRINT)
تاريخ النشر أو التوزيع 2011
300 ## - الوصف المادى
التعداد 431 ص ؛
أبعاد الوعاء 24 سم
650 04 - المدخل الاضافى بالموضوع-مصطلح موضوعى
مصطلح موضوعي الاحزاب السياسية
التقسيم الفرعي الجغرافي البلدان العربية
650 04 - المدخل الاضافى بالموضوع-مصطلح موضوعى
مصطلح موضوعي الاحزاب السياسية
التقسيم الفرعي الجغرافي مصر
650 04 - المدخل الاضافى بالموضوع-مصطلح موضوعى
مصطلح موضوعي الاحزاب السياسية
التقسيم الفرعي الجغرافي اليمن
650 04 - المدخل الاضافى بالموضوع-مصطلح موضوعى
مصطلح موضوعي الاحزاب السياسية
التقسيم الفرعي الجغرافي الجزائر
650 04 - المدخل الاضافى بالموضوع-مصطلح موضوعى
مصطلح موضوعي الاحزاب السياسية
التقسيم الفرعي الجغرافي المغرب
650 04 - المدخل الاضافى بالموضوع-مصطلح موضوعى
مصطلح موضوعي الديمقراطية
التقسيم الفرعي الجغرافي البلدان العربية
700 0# - المدخل الاضافى - اسم شخصى
الإسم الشخصى عبدالرازق التكريتى
الدور مؤلف مشارك
700 0# - المدخل الاضافى - اسم شخصى
الإسم الشخصى عمرو الشوبكى
الدور مؤلف مشارك
700 0# - المدخل الاضافى - اسم شخصى
الإسم الشخصى عاطف السعداوى
الدور مؤلف مشارك
700 0# - المدخل الاضافى - اسم شخصى
الإسم الشخصى على خليفة الكوارى
الدور منسق ومحرر
700 0# - المدخل الاضافى - اسم شخصى
الإسم الشخصى بوحنية قوى
الدور مؤلف مشارك
700 0# - المدخل الاضافى - اسم شخصى
الإسم الشخصى عاطف السعداوى
الدور منسق ومحرر
942 ## - عناصر المدخل الإضافي( كوها)
مصدر التصنيف او مخطط الترفيف Dewey Decimal Classification
Koha [default] item type كتاب
260 ## - PUBLICATION, DISTRIBUTION, ETC. (IMPRINT)
-- بيروت :
-- مركز دراسات الوحدة العربية ،
Holdings
حالة التراجع حالة الفقد حالة تلف ليس للاعارة المكان المؤقت الموقع الحالى تاريخ الاكتساب اجمالي اﻻعارات رقم الطلب الباركود تاريخ اخر مشاهدة تاريخ تفعيل السعر نوع وعاء كوها
        مكتبة القاهرة الكبرى مكتبة القاهرة الكبرى 11/09/2014   324.256\ ب م 158826 11/09/2014 11/09/2014 كتاب

Powered By

EGPV